The state of libraries in teacher training colleges in Zambia: final report (Record no. 58215)

MARC details
000 -LEADER
fixed length control field 00704nam a2200157 a 4500
008 - FIXED-LENGTH DATA ELEMENTS--GENERAL INFORMATION
fixed length control field 090420s1992 ||||||||||||||||| || u
050 ## - LIBRARY OF CONGRESS CALL NUMBER
Classification number GOV.ZAM(02)1992/5
100 ## - MAIN ENTRY--PERSONAL NAME
Personal name Kantumoya, Albert
245 14 - TITLE STATEMENT
Title The state of libraries in teacher training colleges in Zambia: final report
Statement of responsibility, etc. by Albert Kantumoya, Saul Zulu, Vitalicy Chifwepa and Trywell Kalusopa
260 ## - PUBLICATION, DISTRIBUTION, ETC.
Place of publication, distribution, etc. Lusaka
Name of publisher, distributor, etc. FINNIDA
Date of publication, distribution, etc. 1992
300 ## - PHYSICAL DESCRIPTION
Extent iv, 93p.: ill.
350 ## - PRICE (NR) (BK AM CF MU VM SE) [OBSOLETE]
Price 0.00
650 ## - SUBJECT ADDED ENTRY--TOPICAL TERM
Topical term or geographic name entry element LIBRARIES--HANDBOOKS, MANUALS, ETC
650 ## - SUBJECT ADDED ENTRY--TOPICAL TERM
Topical term or geographic name entry element LIBRARIES, UNIVERSITY AND COLLEGE--ZAMBIA
995 ## - RECOMMENDATION 995 [LOCAL, UNIMARC FRANCE]
-- 0.00
-- CBU-MAIN LIBRARY (Kitwe)
-- 1
-- 0.00
-- 1
-- AVAILABLE
-- Apr 20, 2009
-- Zambiana Collection
Holdings
Withdrawn status Lost status Source of classification or shelving scheme Damaged status Not for loan Home library Current library Shelving location Date acquired Total Checkouts Full call number Barcode Date last seen Price effective from Koha item type
          CBU-MAIN LIBRARY, KITWE. CBU-MAIN LIBRARY, KITWE.   11/30/2022   GOV.ZAM(02)1992/5 03003817 11/30/2022 11/30/2022 MONOGRAPH